Špecifiká a vybrané problémové okruhy malého podnikania v stavebníctve

Zmena proporcií veľkého podnikania v prospech malých a stredných podnikov v oblasti stavebníctva. Súčasný stav stavebníctva v SR vo vybraných ukazovateľoch. Podiel stavebníctva na tvorbe hrubého domáceho produktu a celkovej zamestnanosti NH. Organizačný vývoj stavebnej výroby. Štruktúra podnikateľsk...

Description complète

Enregistré dans:
Détails bibliographiques
Auteur principal: Mihalčová, Bohuslava, 1963-
Format: Chapitre de livre
Langue:slovaque
Sujets:
Tags: Ajouter un tag
Pas de tags, Soyez le premier à ajouter un tag!

MARC

LEADER 00000naa$a2200000$$$4500
001 0011437
005 20240502071357.0
041 0 |a slo 
044 |a SK 
245 1 0 |a Špecifiká a vybrané problémové okruhy malého podnikania v stavebníctve  |c aut. Bohuslava Mihalčová 
520 |a Zmena proporcií veľkého podnikania v prospech malých a stredných podnikov v oblasti stavebníctva. Súčasný stav stavebníctva v SR vo vybraných ukazovateľoch. Podiel stavebníctva na tvorbe hrubého domáceho produktu a celkovej zamestnanosti NH. Organizačný vývoj stavebnej výroby. Štruktúra podnikateľských subjektov v stavebníctve (rok 2002). Vývoj objemu a štruktúry stavebných prác. Vývoj stavebnej produkcie a priemerný evidenčný počet zamestnancov v regiónoch. Špecifiká, problémy a odporúčania pre prax riadenia malého stavebníctva. 
610 2 0 |a podnikanie malé 
610 2 0 |a stavebníctvo 
610 2 0 |a riadenie podnikové 
610 2 0 |a manažment 
610 2 0 |a podnik malý 
610 2 0 |a podnik stavebný 
610 2 0 |a podnik stredný 
610 2 0 |a ukazovatele makroekonomické 
610 2 0 |a ukazovatele produkcie 
610 2 0 |a výroba stavebná 
610 2 0 |a Slovensko 
100 1 |a Mihalčová, Bohuslava, 1963-